[Event "Bernadette Stokes Cup 2019"]
[Site "?"]
[Date "2019.07.23"]
[Round "3.7"]
[White "Venkatesan, Kavin"]
[Black "Gherghinoiu, Lucas"]
[Result "1/2-1/2"]
[WhiteElo "1797"]
[BlackElo "1940"]
[PlyCount "151"]
[EventDate "2019.??.??"]

1. d4 d5 2. c4 e6 3. Nc3 Nf6 4. cxd5 exd5 5. Bg5 Be7 6. e3 c6 7. Bd3 Nbd7 8.
Nge2 Nh5 9. Bxe7 Qxe7 10. O-O Nb6 11. Qc2 g6 12. e4 Be6 13. a4 a5 14. Rfe1 O-O
15. Rac1 Rac8 16. e5 Qb4 17. b3 Qe7 18. Qd2 Qb4 19. Qb2 Ng7 20. Na2 Qe7 21. Ng3
Qg5 22. Nc3 h5 23. Rf1 h4 24. f4 Qd8 25. Nge2 Bf5 26. Rf3 Bxd3 27. Rxd3 Nf5 28.
Nd1 Qe7 29. Ne3 Nxe3 30. Rxe3 Qb4 31. Qc3 Qxc3 32. Rexc3 Kg7 33. h3 Rc7 34. Kh2
Rfc8 35. f5 g5 36. g3 hxg3+ 37. Nxg3 Rh8 38. Rg1 f6 39. exf6+ Kxf6 40. Re1 Re7
41. Rxe7 Kxe7 42. Re3+ Kf7 43. Kg2 Rh4 44. Rd3 Nc8 45. Ne2 Nd6 46. Rf3 Kf6 47.
Kf2 Re4 48. Kf1 Rh4 49. Kg2 Ne4 50. Kg1 Nd6 51. Kf2 Kf7 52. Kg2 Rh8 53. Kf2 Re8
54. Kf1 Ne4 55. Ke1 b6 56. Kd1 c5 57. dxc5 bxc5 58. Kc2 d4 59. Kd3 Nd6 60. Kd2
Re5 61. Ng3 Ne4+ 62. Nxe4 Rxe4 63. Kd3 Re1 64. f6 Re6 65. Rf5 Re3+ 66. Kc2 Rc3+
67. Kd2 Rxb3 68. Rxc5 Kxf6 69. Rxa5 Rxh3 70. Rd5 Rh2+ 71. Kd3 g4 72. Rxd4 g3
73. Rg4 Ra2 74. Ke3 Ra3+ 75. Kf4 Rxa4+ 76. Kxg3 1/2-1/2

[Event "Bernadette Stokes Cup 2019"]
[Site "?"]
[Date "2019.07.23"]
[Round "3.8"]
[White "Xiong, Noe"]
[Black "Brozynski, Patryk"]
[Result "0-1"]
[WhiteElo "1697"]
[BlackElo "1623"]
[PlyCount "150"]
[EventDate "2019.??.??"]

1. e4 c5 2. Nf3 e6 3. d4 cxd4 4. Nxd4 a6 5. Bd3 Qc7 6. O-O Nf6 7. c4 d6 8. Nc3
Be7 9. Qe2 Nbd7 10. Be3 b6 11. f4 Nc5 12. Nb3 Nxd3 13. Qxd3 Ng4 14. Bd2 Bb7 15.
Kh1 Rc8 16. Qg3 h5 17. Rac1 Qd8 18. Qd3 Bh4 19. Qe2 Bf2 20. Rxf2 Nxf2+ 21. Qxf2
Rxc4 22. Re1 Kd7 23. e5 d5 24. f5 Rf8 25. Nd4 Qe7 26. b3 Rcc8 27. Na4 Kc7 28.
Nc2 Kb8 29. Bb4 Rxc2 30. Bxe7 Rxf2 31. Bxf8 d4 32. Rg1 h4 33. h3 exf5 34. Nxb6
f4 35. Bd6+ Ka7 36. Bc5 g5 37. Bxd4 Rd2 38. Bc5 Rc2 39. Nc4+ Kb8 40. a4 g4 41.
Kh2 g3+ 42. Kh1 f3 43. Bd6+ Kc8 44. Ne3 Rc3 45. gxf3 Rxe3 46. Rc1+ Kd8 47. b4
Rxf3 48. Kg1 g2 49. Be7+ Ke8 50. Bxh4 Rxh3 51. Bg5 Rh1+ 52. Kf2 Rh5 53. Bf6 Rh1
54. Rg1 Kd7 55. b5 axb5 56. axb5 Ke6 57. b6 Kf5 58. Rxg2 Bxg2 59. Kxg2 Rb1 60.
Kf3 Rxb6 61. Ke3 Re6 62. Kd4 Rxf6 63. exf6 Kxf6 64. Ke3 Ke5 65. Kf3 Kf5 66. Ke3
Kg4 67. Kf2 Kf4 68. Ke2 Kg3 69. Kf1 Kf3 70. Kg1 Ke2 71. Kg2 f5 72. Kg3 Ke3 73.
Kg2 f4 74. Kg1 Ke2 75. Kg2 f3+ 0-1

[Event "Bernadette Stokes Cup 2019"]
[Site "?"]
[Date "2019.07.23"]
[Round "3.9"]
[White "Renji, Rafael Ninan"]
[Black "Souissi, Elyes"]
[Result "0-1"]
[WhiteElo "1470"]
[BlackElo "1578"]
[PlyCount "82"]
[EventDate "2019.??.??"]

1. e4 e5 2. Nf3 Nc6 3. d4 exd4 4. Nxd4 Nf6 5. Nxc6 bxc6 6. e5 Qe7 7. Qe2 Nd5 8.
c4 Ba6 9. b3 Qh4 10. g3 Qd4 11. Bb2 Bb4+ 12. Nd2 Qxb2 13. Rd1 Nc3 14. Qf3 Nxd1
15. Qxd1 Qxa2 16. Bh3 O-O 17. Bf5 Qb2 18. f4 d6 19. Bc2 Qd4 20. Qe2 dxe5 21. f5
Rad8 22. f6 Qxd2+ 23. Qxd2 Rxd2 24. Bxh7+ Kxh7 25. Kf1 Rd1+ 26. Kg2 Rxh1 27.
Kxh1 gxf6 28. h4 e4 29. Kg1 e3 30. Kf1 c5 31. Ke2 Bd2 32. g4 Bb7 33. g5 Bc8 34.
g6+ Kg7 35. Kd3 Bf5+ 36. Ke2 Bg4+ 37. Kd3 Rd8+ 38. Kc2 e2 39. Kb2 Bc3+ 40. Kxc3
e1=Q+ 41. Kb2 Rd2+ 0-1

[Event "Bernadette Stokes Cup 2019"]
[Site "?"]
[Date "2019.07.23"]
[Round "3.10"]
[White "Fougerat, Emma"]
[Black "Wang, Eric"]
[Result "1/2-1/2"]
[WhiteElo "1504"]
[BlackElo "1341"]
[PlyCount "90"]
[EventDate "2019.??.??"]

1. c4 e5 2. g3 Nf6 3. Bg2 Nc6 4. Nf3 Bc5 5. d3 d6 6. Nc3 Be6 7. a3 a5 8. Bd2
Qd7 9. Nb5 Bb6 10. b4 O-O 11. O-O Bh3 12. Qc2 Bxg2 13. Kxg2 Ng4 14. c5 dxc5 15.
bxc5 Ba7 16. Nxa7 Rxa7 17. Qa4 Nf6 18. Rfc1 Nd4 19. Qxd7 Nxd7 20. Nxd4 exd4 21.
e3 dxe3 22. Bxe3 Ra6 23. Rab1 b6 24. cxb6 cxb6 25. Rc7 Rd8 26. Rb7 Nc5 27.
R7xb6 Rxb6 28. Rxb6 Nxd3 29. Ra6 h6 30. Rxa5 Nb2 31. Ra7 Nc4 32. Kf3 Rd3 33. a4
Ra3 34. Ke4 Nxe3 35. fxe3 f6 36. a5 Kh7 37. a6 Kg6 38. Ra8 Kg5 39. a7 Kg4 40.
Kd5 g5 41. e4 Kh3 42. Ke6 Ra6+ 43. Kf5 Kxh2 44. g4 Kg3 45. Kg6 Kxg4 {Result
correct but final position is winning for Black} 1/2-1/2

[Event "Bernadette Stokes Cup 2019"]
[Site "?"]
[Date "2019.07.23"]
[Round "3.11"]
[White "He, Andrew"]
[Black "Stephan, Chloe"]
[Result "0-1"]
[WhiteElo "1213"]
[BlackElo "1464"]
[PlyCount "88"]
[EventDate "2019.??.??"]

1. e4 e5 2. Nf3 Nf6 3. Nxe5 d6 4. Nf3 Nxe4 5. d4 d5 6. Bd3 Be7 7. O-O O-O 8.
Re1 Nf6 9. Bf4 Bg4 10. c3 Re8 11. Nbd2 Nbd7 12. Qb3 Nb6 13. h3 Bh5 14. Re3 Bd6
15. Rxe8+ Nxe8 16. Bxd6 Qxd6 17. Re1 c6 18. Qc2 Nf6 19. Ng5 Bg6 20. Bxg6 hxg6
21. Ndf3 Qf4 22. Re7 Rf8 23. Rxb7 Nc8 24. Qd2 Qf5 25. a3 Qb1+ 26. Kh2 Qa2 27.
Ne5 Ne4 28. Nxe4 dxe4 29. Nxc6 Qd5 30. Ne7+ Nxe7 31. Rxe7 Qd6+ 32. Re5 f6 33.
f4 fxe5 34. fxe5 Qd5 35. Qg5 Qe6 36. Qe3 Qf5 37. Kg1 Qf1+ 38. Kh2 Qf4+ 39. Qxf4
Rxf4 40. e6 e3 41. d5 Re4 42. c4 e2 43. c5 e1=Q 44. d6 Rxe6 0-1

[Event "Bernadette Stokes Cup 2019"]
[Site "?"]
[Date "2019.07.23"]
[Round "3.12"]
[White "Lazes, Alexia"]
[Black "Arshakyan, Arman"]
[Result "0-1"]
[WhiteElo "1400"]
[BlackElo "1451"]
[PlyCount "130"]
[EventDate "2019.??.??"]

1. e4 c5 2. Nc3 Nc6 3. Bb5 e6 4. Bxc6 bxc6 5. f4 d5 6. d3 Nf6 7. h3 Ba6 8. Nf3
c4 9. e5 Nd7 10. d4 c5 11. Be3 Rb8 12. Rb1 Be7 13. O-O O-O 14. Rf2 cxd4 15.
Nxd4 Bc5 16. Qd2 Qc7 17. Nf3 Bb4 18. a3 Be7 19. Nd4 Rb7 20. a4 Bb4 21. Qe1 Rfb8
22. Rf3 Nc5 23. Bd2 Bxc3 24. Bxc3 Nxa4 25. Ra1 Nxc3 26. Rxc3 Rxb2 27. Rca3 Qc5
28. Qf2 Rb1+ 29. Kh2 Rxa1 30. Rxa1 Rb6 31. Qh4 h6 32. c3 Qc7 33. Qf2 Bc8 34.
Ra3 Ra6 35. Nb5 Qb6 36. Qxb6 axb6 37. Rxa6 Bxa6 38. Nc7 Bc8 39. Kg3 Kf8 40. Kf3
Ke7 41. Ke3 Kd7 42. Nb5 Ba6 43. Na3 Kc6 44. Kd2 Bb5 45. Ke3 Ba4 46. Kd2 b5 47.
Ke3 Bd1 48. Kd2 Bh5 49. Ke3 Bg6 50. g3 Bd3 51. h4 Kb6 52. Kd2 Ka5 53. Kc1 Ka4
54. Kb2 b4 55. cxb4 Kxb4 56. f5 c3+ 57. Kc1 Kxa3 58. fxe6 fxe6 59. g4 d4 60. g5
Bf5 61. g6 d3 62. h5 d2+ 63. Kd1 Bg4+ 64. Kc2 d1=Q+ 65. Kxc3 Bf5 0-1

[Event "Bernadette Stokes Cup 2019"]
[Site "?"]
[Date "2019.07.23"]
[Round "3.13"]
[White "Kolani, Arjun"]
[Black "Van Arendonk, Polle"]
[Result "0-1"]
[WhiteElo "1699"]
[BlackElo "1617"]
[PlyCount "84"]
[EventDate "2019.??.??"]

1. e4 e6 2. d4 d5 3. Nc3 dxe4 4. Nxe4 Nd7 5. Nf3 Ngf6 6. Nxf6+ Nxf6 7. Bc4 c5
8. Be3 Qc7 9. Qe2 Be7 10. O-O-O O-O 11. h4 a6 12. dxc5 Bxc5 13. Bxc5 Qxc5 14.
Ne5 b5 15. Bd3 Bb7 16. Rhg1 Rfc8 17. g4 b4 18. g5 Ne8 19. Nd7 Qc7 20. Kb1 Rd8
21. Nf6+ gxf6 22. Bxh7+ Kf8 23. Rxd8 Rxd8 24. Qh5 f5 25. g6 fxg6 26. Bxg6 Qg7
27. Qg5 Nf6 28. h5 Ke7 29. Qf4 Nd5 30. Qg5+ Qf6 31. Qh6 Rh8 32. Qd2 f4 33. Qe2
f3 34. Qd2 Qf4 35. Qd3 Nf6 36. Qb3 Nxh5 37. Rd1 Nf6 38. Re1 Qd6 39. Bf5 Bd5 40.
Qe3 Kf7 41. Qa7+ Qd7 42. Qxd7+ Nxd7 0-1

[Event "Bernadette Stokes Cup 2019"]
[Site "?"]
[Date "2019.07.23"]
[Round "3.14"]
[White "Smeets, Kobe"]
[Black "Sandhu, Manvith"]
[Result "1/2-1/2"]
[WhiteElo "1530"]
[BlackElo "1682"]
[PlyCount "75"]
[EventDate "2019.??.??"]

1. e4 Nc6 2. Nf3 d6 3. d4 Nf6 4. Nc3 g6 5. Bf4 Bg7 6. Be2 O-O 7. Qd2 a6 8. O-O
b5 9. a3 Bb7 10. Rfe1 Re8 11. Bf1 Rc8 12. d5 Nb8 13. Bh6 c6 14. Bxg7 Kxg7 15.
dxc6 Nxc6 16. Rad1 Qb6 17. Nd5 Nxd5 18. exd5 Nb8 19. Ng5 Nd7 20. Qf4 Nf6 21. c3
h6 22. Ne4 Nxd5 23. Qh4 Nf6 24. Rxd6 Qc7 25. Nxf6 Qxd6 26. Nxe8+ Rxe8 27. Qb4
Qxb4 28. axb4 Kf6 29. Rd1 Bc6 30. g3 Rc8 31. Bg2 Bxg2 32. Kxg2 h5 33. Kf3 Rc6
34. Rd4 e5 35. Rd7 Ke6 36. Rd1 f5 37. Ke2 Rc4 38. Rd2 1/2-1/2

[Event "Bernadette Stokes Cup 2019"]
[Site "?"]
[Date "2019.07.23"]
[Round "3.15"]
[White "Buanne, Luca"]
[Black "Verheij, Dana"]
[Result "1-0"]
[WhiteElo "1636"]
[BlackElo "1497"]
[PlyCount "109"]
[EventDate "2019.??.??"]

1. e4 c5 2. Nf3 d6 3. d4 cxd4 4. Nxd4 Nf6 5. Nc3 a6 6. Be3 e5 7. Nb3 Be6 8. f3
Be7 9. Qd2 Nbd7 10. g4 O-O 11. O-O-O Qc7 12. Kb1 b5 13. Rg1 Rac8 14. h4 b4 15.
Nd5 Bxd5 16. exd5 a5 17. Bb5 Nb6 18. Bxb6 Qxb6 19. Bc6 Rxc6 20. dxc6 a4 21. Nc1
Ra8 22. b3 Qxc6 23. g5 Nh5 24. Qxb4 Nf4 25. Qe4 Qa6 26. Qxa4 Qxa4 27. bxa4 Rxa4
28. Nd3 Ne2 29. Rg4 Rxg4 30. fxg4 Nc3+ 31. Kc1 Nxd1 32. Kxd1 f6 33. gxf6 gxf6
34. a4 d5 35. a5 Bd8 36. a6 Bb6 37. Nb4 d4 38. Nc6 Kf7 39. a7 Bxa7 40. Nxa7 Ke6
41. Ke2 f5 42. g5 e4 43. Nc6 Kd5 44. h5 d3+ 45. cxd3 exd3+ 46. Kxd3 Ke6 47. Ke3
Kf7 48. Kf4 h6 49. g6+ Kg7 50. Kxf5 Kg8 51. Kf6 Kh8 52. Ne5 Kg8 53. Ng4 Kh8 54.
g7+ Kh7 55. Nxh6 1-0

[Event "Bernadette Stokes Cup 2019"]
[Site "?"]
[Date "2019.07.23"]
[Round "3.16"]
[White "Van Dongen, Jesse"]
[Black "Usharovsky, Tom"]
[Result "1-0"]
[WhiteElo "1460"]
[BlackElo "1549"]
[PlyCount "91"]
[EventDate "2019.??.??"]

1. d4 d5 2. Nc3 Nf6 3. Bg5 Nbd7 4. e3 h6 5. Bh4 e6 6. f4 Be7 7. Nf3 a6 8. a4 c5
9. a5 Ng4 10. Bxe7 Qxe7 11. Qd2 c4 12. Be2 O-O 13. O-O b5 14. axb6 Nxb6 15. h3
Nf6 16. Ne5 Bb7 17. Bf3 Nbd7 18. Nxc4 Rab8 19. Na5 Rfc8 20. Nb3 Nb6 21. Be2
Nfd7 22. Rfb1 Nc4 23. Bxc4 Rxc4 24. Na4 Rbc8 25. Nbc5 Nxc5 26. Nxc5 R8xc5 27.
dxc5 Qxc5 28. c3 Qc6 29. Rf1 Re4 30. Rad1 Qb6 31. Rf3 a5 32. Qe2 Ba6 33. Qf2
Ra4 34. f5 e5 35. Rxd5 Ra1+ 36. Kh2 Qb8 37. Qd2 e4+ 38. Rg3 Kh7 39. Qd4 Rh1+
40. Kxh1 Qxg3 41. f6 Bf1 42. Qxe4+ g6 43. Rd7 Bb5 44. Rxf7+ Kg8 45. Rg7+ Kf8
46. Qe7# 1-0

[Event "Bernadette Stokes Cup 2019"]
[Site "?"]
[Date "2019.07.23"]
[Round "4.7"]
[White "Gherghinoiu, Lucas"]
[Black "Kolani, Arjun"]
[Result "1/2-1/2"]
[WhiteElo "1940"]
[BlackElo "1699"]
[PlyCount "61"]
[EventDate "2019.??.??"]

1. e4 e5 2. Nf3 Nc6 3. Bc4 Bc5 4. d3 Nf6 5. Bb3 d6 6. c3 h6 7. O-O a6 8. Nbd2
Ba7 9. Re1 O-O 10. Nf1 Ne7 11. Ng3 Ng6 12. d4 Bg4 13. h3 Bd7 14. Be3 Re8 15.
Bc2 Qc8 16. Kh2 Nf4 17. Bxf4 exf4 18. Nf1 Nh7 19. Qd3 Nf8 20. Kg1 g5 21. N1d2
Ng6 22. e5 d5 23. b3 Kg7 24. Rac1 Rh8 25. Bb1 c6 26. Re2 Qd8 27. Rce1 Be6 28.
Rc1 h5 29. Kf1 g4 30. Ng1 Qg5 31. c4 1/2-1/2

[Event "Bernadette Stokes Cup 2019"]
[Site "?"]
[Date "2019.07.23"]
[Round "4.8"]
[White "Sandhu, Manvith"]
[Black "Xiong, Noe"]
[Result "1/2-1/2"]
[WhiteElo "1682"]
[BlackElo "1697"]
[PlyCount "91"]
[EventDate "2019.??.??"]

1. e4 c5 2. Nf3 d6 3. d4 cxd4 4. Qxd4 Nc6 5. Bb5 Bd7 6. Bxc6 Bxc6 7. Nc3 Nf6 8.
Bg5 e6 9. O-O-O Be7 10. Rhe1 Qc7 11. Kb1 b6 12. Qd2 a6 13. Nd4 Bb7 14. h3 O-O
15. Qd3 Rac8 16. Be3 b5 17. a3 d5 18. f3 b4 19. axb4 Bxb4 20. Bd2 a5 21. g4
Bxc3 22. Bxc3 a4 23. Bb4 Rfd8 24. e5 Nd7 25. Bd6 Qb6 26. Qb5 Ba6 27. Qxb6 Nxb6
28. b3 axb3 29. cxb3 Rd7 30. Rc1 Bd3+ 31. Kb2 Rxc1 32. Rxc1 Rb7 33. Rc6 h6 34.
Kc3 Bg6 35. h4 h5 36. g5 Nd7 37. Rc7 Rxc7+ 38. Bxc7 f6 39. exf6 gxf6 40. Nxe6
fxg5 41. Nxg5 Kg7 42. Kd4 Nf6 43. Be5 Be8 44. Ne6+ Kg6 45. Nf4+ Kf5 46. Bc7 {
(according to live board) was probably played} (46. Bxf6 {according to
scoresheet but probably not winning}) 1/2-1/2

[Event "Bernadette Stokes Cup 2019"]
[Site "?"]
[Date "2019.07.23"]
[Round "4.9"]
[White "Souissi, Elyes"]
[Black "Buanne, Luca"]
[Result "0-1"]
[WhiteElo "1578"]
[BlackElo "1636"]
[PlyCount "68"]
[EventDate "2019.??.??"]

1. e4 c5 2. Nf3 d6 3. d4 cxd4 4. Qxd4 Nc6 5. Bb5 Bd7 6. Bxc6 Bxc6 7. Nc3 Nf6 8.
Bg5 e6 9. O-O-O Be7 10. Qe3 Qc7 11. Nd4 a6 12. f3 b5 13. Nce2 O-O 14. Rd3 b4
15. Kb1 Bb5 16. Nxb5 axb5 17. Rhd1 Rfc8 18. Qd2 Nxe4 19. Qc1 Bxg5 20. f4 Be7
21. Nd4 Qa5 22. a3 Nf2 23. f5 e5 24. f6 Bxf6 25. Nf5 Nxd1 26. Qxd1 bxa3 27.
Rxa3 Qb4 28. Rb3 Qc5 29. Rc3 Qb6 30. Rg3 b4 31. h4 Qa7 32. Kc1 Qf2 33. Nh6+ Kf8
34. Rf3 Ra1# 0-1

[Event "Bernadette Stokes Cup 2019"]
[Site "?"]
[Date "2019.07.23"]
[Round "4.10"]
[White "Usharovsky, Tom"]
[Black "Fougerat, Emma"]
[Result "0-1"]
[WhiteElo "1549"]
[BlackElo "1504"]
[PlyCount "176"]
[EventDate "2019.??.??"]

1. c4 c5 2. Nc3 Nf6 3. g3 g6 4. Bg2 Bg7 5. e3 Nc6 6. Nge2 d6 7. O-O O-O 8. b3
Rb8 9. Bb2 a6 10. d3 Bd7 11. Qd2 b5 12. Nd5 Nxd5 13. Bxd5 Qc8 14. Bxg7 Kxg7 15.
Qc3+ Kg8 16. Bh1 b4 17. Qb2 Bg4 18. Nf4 Ne5 19. Nd5 Re8 20. f4 Nc6 21. a3 a5
22. axb4 axb4 23. Ra4 Bd7 24. Ra2 Bf5 25. Rd1 Ra8 26. Rxa8 Qxa8 27. Nb6 Qb7 28.
Nd5 Qd7 29. Qa2 Qa7 30. Qxa7 Nxa7 31. Bg2 Kg7 32. h3 h5 33. Kh2 Nc6 34. Bf3 Na5
35. g4 hxg4 36. hxg4 Bd7 37. Rb1 Bc6 38. Kg3 e6 39. Nc7 Rc8 40. Bxc6 Nxc6 41.
Nb5 d5 42. cxd5 exd5 43. Rc1 Na5 44. Nd4 c4 45. dxc4 dxc4 46. bxc4 Rxc4 47.
Rxc4 Nxc4 48. Nb3 Nxe3 49. Kf3 Nd5 50. Ke4 Nf6+ 51. Kf3 Kf8 52. g5 Nh5 53. Ke4
Ke7 54. f5 Ng3+ 55. Kf4 Nxf5 56. Ke5 Ng7 57. Nc5 Ne6 58. Nb3 Nxg5 59. Kf4 f6
60. Kg4 Ke6 61. Kf4 Kd5 62. Nd2 Kd4 63. Nb3+ Kc3 64. Na5 b3 65. Nxb3 Kxb3 66.
Kg4 Kc3 67. Kg3 Kd4 68. Kf4 Ne6+ 69. Kf3 f5 70. Kg3 g5 71. Kf3 Ke5 72. Kg3 Nd4
73. Kf2 f4 74. Kg2 g4 75. Kf2 Ke4 76. Kg1 Ke3 77. Kf1 f3 78. Kg1 g3 79. Kf1 Ne2
80. Ke1 g2 81. Kd1 g1=Q+ 82. Kc2 Qg6+ 83. Kb3 Qc6 84. Kb4 Nd4 85. Ka3 Qb5 86.
Ka2 Kd3 87. Ka1 Kc3 88. Ka2 Qb2# 0-1

[Event "Bernadette Stokes Cup 2019"]
[Site "?"]
[Date "2019.07.23"]
[Round "4.11"]
[White "Stephan, Chloe"]
[Black "Chen, Daniel Xingyu"]
[Result "1-0"]
[WhiteElo "1464"]
[BlackElo "1438"]
[PlyCount "99"]
[EventDate "2019.??.??"]

1. d4 Nf6 2. Nf3 g6 3. c4 d6 4. Nc3 Bg7 5. e4 O-O 6. Be2 Nbd7 7. O-O e5 8. d5
Nc5 9. Nd2 a5 10. Rb1 Ne8 11. a3 a4 12. b3 axb3 13. Nxb3 Nxb3 14. Rxb3 f5 15.
a4 fxe4 16. Nxe4 b6 17. Bd2 Bd7 18. Ra3 Nf6 19. Ng5 h6 20. Nf3 Ne4 21. Be3 Nc5
22. Bxc5 dxc5 23. Re1 Qe8 24. Qb1 Rxa4 25. Rxa4 Bxa4 26. Bd3 g5 27. Bf5 Bd7 28.
Bxd7 Qxd7 29. Nxe5 Bxe5 30. Rxe5 Qf7 31. Qe1 Qg6 32. Re7 Rf7 33. Re6 Qg7 34.
Qb1 Qh7 35. Re8+ Kg7 36. Qb2+ Kg6 37. Re6+ Kh5 38. g4+ Kxg4 39. Qe2+ Kh4 40.
Qe3 Rf4 41. Qg3+ Kh5 42. Qh3+ Rh4 43. Qf3+ Rg4+ 44. Kf1 Kh4 45. Re3 Qb1+ 46.
Re1 Rg1+ 47. Kxg1 Qxe1+ 48. Kg2 g4 49. Qg3+ Kg5 50. f4+ 1-0

[Event "Bernadette Stokes Cup 2019"]
[Site "?"]
[Date "2019.07.23"]
[Round "4.12"]
[White "Gardiner, Ethan"]
[Black "Lazes, Alexia"]
[Result "1/2-1/2"]
[WhiteElo "1344"]
[BlackElo "1400"]
[PlyCount "143"]
[EventDate "2019.??.??"]

1. e4 e6 2. d4 d5 3. Nc3 dxe4 4. Nxe4 Nd7 5. c3 Ngf6 6. Bd3 Nxe4 7. Bxe4 Nf6 8.
Bf3 Be7 9. Ne2 O-O 10. O-O c5 11. Bf4 Qb6 12. Qc2 Bd7 13. Qb3 Qxb3 14. axb3 Nd5
15. Bg3 Bc6 16. Rfd1 a6 17. h3 Rac8 18. dxc5 Bxc5 19. Nd4 Bxd4 20. Rxd4 Nf6 21.
Bxc6 Rxc6 22. Rad1 Nh5 23. Bh4 b5 24. Rd6 Rxd6 25. Rxd6 Ra8 26. c4 bxc4 27.
bxc4 Rc8 28. Rxa6 h6 29. b3 Rb8 30. g4 Nf4 31. Ra3 Ne2+ 32. Kf1 Nd4 33. Bg3
Rxb3 34. Rxb3 Nxb3 35. Bd6 Na5 36. c5 f6 37. Ke2 Kf7 38. f4 g6 39. Kd3 Ke8 40.
Ke4 Nb7 41. g5 Nxd6+ 42. cxd6 hxg5 43. fxg5 fxg5 44. Kd4 Kd8 45. Ke4 Ke8 46.
Kd4 Kd8 47. Kc4 Kd7 48. Kc5 e5 49. Kd5 e4 50. Kxe4 Kxd6 51. Kf3 Ke5 52. Kg4 Kf6
53. Kf3 Kg7 54. Kg4 Kh6 55. h4 gxh4 56. Kxh4 g5+ 57. Kg4 Kg6 58. Kg3 Kf5 59.
Kf3 g4+ 60. Kg3 Kg5 61. Kg2 Kh4 62. Kh2 g3+ 63. Kg2 Kg4 64. Kg1 Kf5 65. Kg2 Kf4
66. Kg1 Kg5 67. Kg2 Kh4 68. Kg1 Kh3 69. Kh1 Kh4 70. Kg2 Kg4 71. Kg1 Kf3 72. Kf1
1/2-1/2

[Event "Bernadette Stokes Cup 2019"]
[Site "?"]
[Date "2019.07.23"]
[Round "4.13"]
[White "Chung, Ethan Cheung Jing"]
[Black "Venkatesan, Kavin"]
[Result "1/2-1/2"]
[WhiteElo "1572"]
[BlackElo "1797"]
[PlyCount "183"]
[EventDate "2019.??.??"]

1. e4 c5 2. d4 cxd4 3. c3 dxc3 4. Nxc3 e6 5. Nf3 Nc6 6. Bc4 Bb4 7. O-O Nge7 8.
Bg5 f6 9. Be3 O-O 10. Qe2 Bxc3 11. bxc3 b6 12. Rfd1 Qc7 13. Bb3 Bb7 14. Qd2
Rfd8 15. Bf4 Qc8 16. Qc2 Kh8 17. e5 Ng6 18. exf6 Nxf4 19. Ng5 Ng6 20. Nf7+ Kg8
21. Nxd8 Nxd8 22. fxg7 Qc6 23. f3 Nf7 24. Rd2 Kxg7 25. Rad1 Qc5+ 26. Kh1 Bc6
27. c4 b5 28. Qb2+ Qe5 29. cxb5 Bxb5 30. Qc2 Rb8 31. Rd4 Be2 32. R1d2 Bd3 33.
Qd1 Qxd4 34. Rxd3 Qf6 35. Rxd7 Rd8 36. Rxd8 Qxd8 37. Qg1 Qd7 38. h3 Kg8 39. Qe3
e5 40. Qc5 Kg7 41. a4 Qb7 42. Bc4 Qb6 43. Qd5 Qb1+ 44. Kh2 Qf5 45. a5 Nf4 46.
Qb7 Qg6 47. Bf1 a6 48. Qb6 Qxb6 49. axb6 Nd8 50. Bxa6 Nc6 51. Bb5 Nb8 52. Bc4
Kf6 53. g4 Ke7 54. Bb3 h6 55. Bc2 Kd8 56. Bf5 Nc6 57. Kg3 Nd4 58. Be4 Nde6 59.
h4 Kc8 60. Bc6 Kb8 61. Be4 Kc8 62. Bc6 Nd8 63. Be4 Nf7 64. Bc6 Nd8 65. Be4 Kb8
66. h5 Nde6 67. Bc6 Ng5 68. Kh4 Ne2 69. Bd5 Kc8 70. Bc6 Kb8 71. Bd5 Nc3 72. Bc6
Kc8 73. Kg3 Ne2+ 74. Kf2 Nd4 75. Bd5 Kb8 76. Kg3 Ne2+ 77. Kf2 Nf4 78. Bc6 Nge6
79. Be4 Ng5 80. Bc6 Nfe6 81. Ke3 Kc8 82. Bd5 Nc5 83. Bc6 Nge6 84. Bd5 Nf4 85.
Bc6 Kb8 86. Kf2 Kc8 87. Ke3 Kb8 88. Kf2 Nfe6 89. Ke3 Nd4 90. Bd5 Nd7 91. Ke4
Kc8 92. f4 1/2-1/2

[Event "Bernadette Stokes Cup 2019"]
[Site "?"]
[Date "2019.07.23"]
[Round "4.17"]
[White "Davies, Milo"]
[Black "He, Andrew"]
[Result "1-0"]
[WhiteElo "1126"]
[BlackElo "1213"]
[PlyCount "59"]
[EventDate "2019.??.??"]

1. e4 c5 2. d4 cxd4 3. c3 dxc3 4. Nxc3 Nc6 5. Nf3 d6 6. Bb5 Nf6 7. O-O g6 8. h3
Bg7 9. Nd5 O-O 10. Re1 a6 11. Bc4 Bd7 12. Bg5 Nxd5 13. Bxd5 h6 14. Bf4 Qb6 15.
Rb1 Ne5 16. Nh4 g5 17. Bxe5 Bxe5 18. Ng6 Rfe8 19. Qh5 Bg3 20. Re3 Bxf2+ 21.
Kxf2 e6 22. Bb3 fxg6 23. Qxg6+ Kh8 24. Qxh6+ Kg8 25. Qxg5+ Kh8 26. Ke1 Qb4+ 27.
Kf1 Rf8+ 28. Kg1 Qd2 29. Qh6+ Kg8 30. Rg3+ 1-0

[Event "Bernadette Stokes Cup 2019"]
[Site "?"]
[Date "2019.07.23"]
[Round "4.18"]
[White "Arshakyan, Arman"]
[Black "Davies, Tom"]
[Result "1-0"]
[WhiteElo "1451"]
[BlackElo "1079"]
[PlyCount "53"]
[EventDate "2019.??.??"]

1. e4 d5 2. exd5 Qxd5 3. Nc3 Qa5 4. Nf3 Nf6 5. Bc4 Bg4 6. h3 Qh5 7. Be2 Nc6 8.
O-O Bxf3 9. Bxf3 Qg6 10. d4 O-O-O 11. Be3 e5 12. Bxc6 bxc6 13. Ne2 c5 14. c3
cxd4 15. cxd4 Bc5 16. Qa4 exd4 17. Qa6+ Kb8 18. Qb5+ Bb6 19. Nxd4 Ka8 20. Rfd1
Rd5 21. Qb3 Bxd4 22. Rxd4 Rxd4 23. Bxd4 Rb8 24. Qa4 Rb7 25. Re1 Qd3 26. Bxf6
Qd4 27. Re8+ 1-0

[Event "Bernadette Stokes Cup 2019"]
[Site "?"]
[Date "2019.07.24"]
[Round "5.5"]
[White "He, Andrew"]
[Black "Kumar, Ishan"]
[Result "1/2-1/2"]
[WhiteElo "1213"]
[BlackElo "1146"]
[PlyCount "88"]
[EventDate "2019.??.??"]

1. e4 e5 2. Nf3 Nc6 3. d4 exd4 4. Nxd4 Nxd4 5. Qxd4 d6 6. Bc4 Nf6 7. Nc3 Be7 8.
Bf4 O-O 9. O-O-O Nh5 10. Be3 Bf6 11. Qd3 Re8 12. f3 Bg5 13. Qd2 Bxe3 14. Qxe3
Be6 15. Bxe6 Rxe6 16. Rd5 Nf6 17. Rd2 Qe8 18. Rhd1 Qc6 19. Qf2 Rd8 20. Kb1 b6
21. Qh4 Rde8 22. Nd5 Qd7 23. Nxf6+ Rxf6 24. Rd5 Rfe6 25. Qg4 Qe7 26. Qf4 Rf6
27. Qe3 Rg6 28. g3 Re6 29. Qa3 a5 30. Qd3 Re5 31. Qc4 Rxd5 32. Rxd5 Qe6 33. a3
Rc8 34. Rd4 Qxc4 35. Rxc4 f6 36. Kc1 Kf7 37. Kd2 Ke6 38. Kd3 c6 39. b4 b5 40.
Rc3 axb4 41. axb4 c5 42. bxc5 dxc5 43. Ra3 Rc7 44. Ra6+ Kd7 1/2-1/2

[Event "Bernadette Stokes Cup 2019"]
[Site "?"]
[Date "2019.07.24"]
[Round "5.6"]
[White "Subramaniam, Ananth"]
[Black "Arshakyan, Arman"]
[Result "0-1"]
[WhiteElo "1070"]
[BlackElo "1451"]
[PlyCount "90"]
[EventDate "2019.??.??"]

1. e4 c5 2. Nf3 e6 3. d4 cxd4 4. Nxd4 Nc6 5. Nc3 Nf6 6. a3 a6 7. Be3 Be7 8. Be2
O-O 9. O-O d5 10. exd5 exd5 11. f3 Bc5 12. b4 Bb6 13. Qd2 Re8 14. Rfe1 Rxe3 15.
Nd1 Re8 16. c3 Be6 17. Kh1 Nxd4 18. cxd4 Rc8 19. b5 Ba5 20. Qd3 Bxe1 21. bxa6
bxa6 22. Qxa6 Qc7 23. Bb5 Ra8 24. Qc6 Qxc6 25. Bxc6 Ba5 26. Bxa8 Rxa8 27. Ne3
Rc8 28. Nf1 Bc3 29. Rd1 Rc4 30. Rb1 h6 31. Rb8+ Rc8 32. Rb1 Bxd4 33. Rd1 Bb2
34. Kg1 Bxa3 35. Ra1 Bc5+ 36. Kh1 Rb8 37. g4 d4 38. Rc1 Ba7 39. Kg2 d3 40. Rd1
Bc4 41. Rc1 Rb2+ 42. Rc2 dxc2 43. Kh3 c1=Q 44. Kh4 Qg5+ 45. Kg3 Nh5+ 0-1

[Event "Bernadette Stokes Cup 2019"]
[Site "?"]
[Date "2019.07.24"]
[Round "5.7"]
[White "Kolani, Arjun"]
[Black "Chung, Ethan Cheung Jing"]
[Result "1/2-1/2"]
[WhiteElo "1699"]
[BlackElo "1572"]
[PlyCount "77"]
[EventDate "2019.??.??"]

1. e4 e6 2. d4 d5 3. Nc3 dxe4 4. Nxe4 Bd7 5. Nf3 Bc6 6. Bd3 Nd7 7. O-O Ngf6 8.
Qe2 Be7 9. c3 O-O 10. Re1 Rb8 11. a4 Bxe4 12. Bxe4 Nxe4 13. Qxe4 Nf6 14. Qe2 c5
15. dxc5 Bxc5 16. Bf4 Rc8 17. Rad1 Nd5 18. Be5 Qb6 19. b4 Be7 20. Rxd5 exd5 21.
Bd4 Qe6 22. Qb5 Qd6 23. Qxb7 Rc7 24. Qb5 Bf6 25. Bc5 Rxc5 26. bxc5 Qc7 27. Nd4
g6 28. c6 Qf4 29. Qxd5 Qd2 30. Qe4 Qxc3 31. Nb5 Qc5 32. Rd1 Kg7 33. c7 a6 34.
Nd6 Qxc7 35. Ne8+ Rxe8 36. Qxe8 Qc2 37. Qd7 a5 38. g3 Bc3 39. Qd3 1/2-1/2

[Event "Bernadette Stokes Cup 2019"]
[Site "?"]
[Date "2019.07.24"]
[Round "5.11"]
[White "Chen, Daniel Xingyu"]
[Black "Davies, Milo"]
[Result "1-0"]
[WhiteElo "1438"]
[BlackElo "1126"]
[PlyCount "55"]
[EventDate "2019.??.??"]

1. e4 d5 2. exd5 Qxd5 3. Nf3 Nf6 4. d4 Bg4 5. Be2 Nc6 6. Be3 O-O-O 7. O-O Qh5
8. h3 Bd7 9. Ne5 Qh4 10. Nxf7 Bf5 11. Nxd8 Kxd8 12. Nd2 g5 13. Nf3 Qh6 14. Nxg5
Qg6 15. d5 Ne5 16. f4 Ned7 17. Bd3 Nxd5 18. Bxf5 Qxf5 19. g4 Qg6 20. Qxd5 Kc8
21. Qe6 Qxc2 22. Rac1 Qxb2 23. Nf7 b6 24. Nxh8 Qxh8 25. Rfd1 Qb2 26. Qxd7+ Kb7
27. Rxc7+ Ka6 28. Qa4# 1-0